| 000 | 00380cam a22001337a 4500 | ||
|---|---|---|---|
| 008 | 180718b1970 xxu||||| |||| 00| 0 eng d | ||
| 082 | _aB1243x54 H211 | ||
| 100 | _aHaq, Mushir U. | ||
| 245 |
_aMuslim politics in modern India, 1857-1947 _cby Mushir U. Haq |
||
| 260 |
_aMeerut _bMeenaskshi _c1970 |
||
| 300 | _a171p. | ||
| 650 | _aIndia - Politics | ||
| 650 | _aMohammedans in India | ||
| 999 |
_c367370 _d367370 |
||